000 00502nam a2200193Ia 4500
005 20250317131134.0
008 008 250317s9999 xx 000 0 eng d
037 _aTextbook
040 _aFMSL
_beng
_cFMSL
041 _aeng
_2eng
084 _qFMSL
100 _aSinha G P
245 0 _aIndustrial relations and labour legislation
250 _aEd 3
260 _aOxford
_bOxford, & I.B.H
_c1977
300 _a788p
942 _cTB
999 _c1266841
_d1266841